E-COMMERCE AN INDIAN PERSPECTIVE (Record no. 8922)
[ view plain ]
| 000 -LEADER | |
|---|---|
| fixed length control field | 00542nam a22001697a 4500 |
| 003 - CONTROL NUMBER IDENTIFIER | |
| control field | SGT |
| 020 ## - INTERNATIONAL STANDARD BOOK NUMBER | |
| International Standard Book Number | 9788120351547 |
| 082 ## - DEWEY DECIMAL CLASSIFICATION NUMBER | |
| Classification number | 381.142,JOS |
| 100 ## - MAIN ENTRY--PERSONAL NAME | |
| Personal name | JOSEPH,P.T. |
| 245 ## - TITLE STATEMENT | |
| Title | E-COMMERCE AN INDIAN PERSPECTIVE |
| 250 ## - EDITION STATEMENT | |
| Edition statement | 5TH |
| 260 ## - PUBLICATION, DISTRIBUTION, ETC. (IMPRINT) | |
| Place of publication, distribution, etc | NEW DELHI |
| Name of publisher, distributor, etc | PHI |
| Year of Publication | 2015 |
| 300 ## - PAGE DESCRIPTION | |
| No. of Pages | 538 |
| 650 ## - SUBJECT ADDED ENTRY--TOPICAL TERM | |
| Topical term or geographic name as entry element | COMMERCE |
| 653 ## - KEYWORDS--INDEX TERM | |
| Keyword term | HISTORY OF E-COMMERCE AND INDIAN BUSINESS CONTEXT,BUSINESS MODELS FOR E- COMMERCE,E- MARKETING ,E- SECURITY ,E- PAYMENT,E-SUPPLY CHAIN MANAGEMENT,PORTALS FOR E- BUSINESS,LEGAL AND ETHICAL ISSUES |
| 942 ## - ADDED ENTRY ELEMENTS (KOHA) | |
| Source of classification or shelving scheme | Dewey Decimal Classification |
| Koha item type | FCM Books |
| Withdrawn status | Lost status | Source of classification or shelving scheme | Damaged status | Not for loan | Collection code | Home library | Current library | Shelving location | Date acquired | Vendor Name | Cost, normal purchase price | SGTU | Bill Number | Total Checkouts | Full call number | Accession No. (Barcode) | Date last seen | Date last borrowed | Bill Date | Koha item type | Total Renewals |
|---|---|---|---|---|---|---|---|---|---|---|---|---|---|---|---|---|---|---|---|---|---|
| Dewey Decimal Classification | COMMERCE MANAGEMENT | SGT Science & Social Sciences Library | SGT Science & Social Sciences Library | Text Book | 03/06/2016 | KRITI PRAKSHAN | 450.00 | SGTU | 4000 | 20 | 381.142,JOS | CM1666 | 20/05/2019 | 29/04/2019 | 08/04/2016 | FCM Books | |||||
| Dewey Decimal Classification | COMMERCE MANAGEMENT | SGT Science & Social Sciences Library | SGT Science & Social Sciences Library | Text Book | 03/06/2016 | KRITI PRAKSHAN | 450.00 | SGTU | 4000 | 29 | 381.142,JOS | CM1667 | 20/05/2019 | 13/05/2019 | 08/04/2016 | FCM Books | 1 | ||||
| Dewey Decimal Classification | COMMERCE MANAGEMENT | SGT Science & Social Sciences Library | SGT Science & Social Sciences Library | Text Book | 03/06/2016 | KRITI PRAKSHAN | 450.00 | SGTU | 4000 | 20 | 381.142,JOS | CM1668 | 29/04/2019 | 29/04/2019 | 08/04/2016 | FCM Books | 2 | ||||
| Dewey Decimal Classification | COMMERCE MANAGEMENT | SGT Science & Social Sciences Library | SGT Science & Social Sciences Library | Text Book | 03/06/2016 | KRITI PRAKSHAN | 450.00 | SGTU | 4000 | 15 | 381.142,JOS | CM1669 | 26/03/2018 | 12/03/2018 | 08/04/2016 | FCM Books | |||||
| Dewey Decimal Classification | Not For Loan | COMMERCE MANAGEMENT | SGT Science & Social Sciences Library | SGT Science & Social Sciences Library | Reference Book | 03/06/2016 | KRITI PRAKSHAN | 450.00 | SGTU | 4000 | 381.142,JOS | CM1670 | 03/06/2016 | 08/04/2016 | FCM Books |